| 000 | 00829nam a22002297a 4500 | ||
|---|---|---|---|
| 999 |
_c6431 _d6431 |
||
| 003 | AR-CdUCM | ||
| 008 | 190315b ||||| |||| 00| 0 spa d | ||
| 020 | _a978-1-4031-4776-8 | ||
| 040 |
_aMUNICIPALIDAD PROVINCIAL DEL CUSCO _cBIBLIOTECA MUNICIPAL DEL CUSCO |
||
| 041 | _heng | ||
| 082 |
_a080 / _bH85 |
||
| 100 |
_aHubbard, Ronal L. _918228 |
||
| 245 |
_aScientology una historia del hombre: _buna lista y descripción de los principales incidentes a encontrarse en un ser humano / |
||
| 260 |
_aCalifornia : _bBridge publications, _c2007. |
||
| 300 |
_a247 paginas ; _bIlustraciones, _c24.5 cm. |
||
| 505 | _aComo y que auditar -- Objetivos a abordar -- La vida actual -- La linea genética ... | ||
| 650 |
_aReligión _91195 |
||
| 650 |
_aVida _9884 |
||
| 650 |
_aGenética _95063 |
||
| 942 |
_2ddc _cLIBROS |
||
| 945 | _aacv | ||